000 00518nam a2200169Ia 4500
003 GCL
008 140319s9999 xx 000 0 eng d
040 _aGCL /
_cGCL
082 0 4 _a616.858
_bS S
100 1 _aSHAPIRO, SHANTI
245 1 0 _aSEXUAL TRUMA PSYCHOPTHOLOGG: CLINICAL INTEVTION WITH ADULT SUVIORS /
_cSHAPIRO, SHANTI
260 _a[S.N] :
_bLEXINGTON BOOKS ،
_c1992
300 _a192
650 0 4 _aCHILD ABUSE SEXUAL - PSYCHOPATHOLOGY
650 0 4 _aCHILD OF IMPAIRED PARENTS PSYCHOLOGY
942 _2ddc
_cBK
999 _c21812
_d21812